Mujer y sociedad en América Latina /

Gespeichert in:
Bibliographische Detailangaben
1. Verfasser: Banchs, María A.
Körperschaft: CLACSO
Weitere Verfasser: Mannarelli, N. Tapia Gónzalez, N. C. Alasino, N. Rostagnol, S. Muñoz, Sergio Feijoó, María del Carmen comp
Format: Text
Veröffentlicht: Buenos Aires: CLACSO
Schlagworte:
Tags: Tag hinzufügen
Keine Tags, Fügen Sie den ersten Tag hinzu!

MARC

LEADER 00000 a a2200000 04500
001 25788
003
040 |a CRAI/IIS  |c CRAI/IIS 
020 |a 950-9231-36-5  
090 |a 174102  
100 |a Banchs, María A.  
110 |a CLACSO  
245 |a Mujer y sociedad en América Latina /  |c María A. Banchs  
260 |a Buenos Aires:   |b CLACSO  
300 |a 453 p  
650 |a VIOLENCIA INTRAFAMILIAR  
650 |a VIOLENCIA CONTRA LAS MUJERES  
650 |a ANALISIS DE GENERO  
650 |a ADMINISTRACION DE JUSTICIA  
650 |a ASPECTOS JURIDICOS  
650 |a ASPECTOS PSICOLOGICOS  
650 |a ASPECTOS SOCIALES  
650 |a TRANSGRESORES  
650 |a VICTIMAS  
650 |a VIOLENCIA INTRAFAMILIAR  
650 |a ALCOHOLISMO  
650 |a DISTRIBUCION POR EDAD  
650 |a SANCIONES PENALES  
700 |a Mannarelli, N.   |a Tapia Gónzalez, N.   |a C. Alasino, N.   |a Rostagnol, S.   |a Muñoz, Sergio   |a Feijoó, María del Carmen   |a comp  
999 |c 5630  |d 5630